LIBRARY & INFORMATION CENTRE, KCAET, TAVANUR

ONLINE PUBLIC ACCESS CATALOGUE (OPAC)

Dimensional control in precision manufacturing : As applied in production machine to effect higher production and lower unit costs / (Record no. 1654)

MARC details
000 -LEADER
fixed length control field 00543cam a2200181ua 4500
041 ## - LANGUAGE CODE
Language code of text/sound track or separate title eng
082 ## - DEWEY DECIMAL CLASSIFICATION NUMBER
Classification number 681
Item number GAD/DI
100 ## - MAIN ENTRY--AUTHOR NAME
Personal name Gadzala, John.L .
245 ## - TITLE STATEMENT
Title Dimensional control in precision manufacturing : As applied in production machine to effect higher production and lower unit costs /
250 ## - EDITION STATEMENT
Edition statement 1 /
260 ## - PUBLICATION, DISTRIBUTION, ETC. (IMPRINT)
Place of publication :
Name of publisher Mc Graw Hill Book Company ,
Year of publication 1959.
300 ## - PHYSICAL DESCRIPTION
Number of Pages 203 ; .
942 ## - ADDED ENTRY ELEMENTS (KOHA)
Koha item type Books
Holdings
Withdrawn status Lost status Damaged status Home library Current library Date acquired Full call number Accession Number Koha item type
      KAUAET KAUAET 07/04/2012 681 3629 Books
free website counter